|
|
|
|
| LEADER |
00000nam0a2200000 4500 |
| 001 |
358845 |
| 005 |
20231102011132.0 |
| 035 |
|
|
|a (RuTPU)RU\TPU\retro\16117
|
| 090 |
|
|
|a 358845
|
| 100 |
|
|
|a 20200828d1973 km y0rusy50 ca
|
| 101 |
0 |
|
|a rus
|
| 102 |
|
|
|a RU
|
| 105 |
|
|
|a a z 001zy
|
| 200 |
1 |
|
|a Алгоритмы идентификации и оптимизации режима скважин
|
| 210 |
|
|
|a Ярославль
|c [Б. и.]
|d 1973
|
| 215 |
|
|
|a 117 с.
|c ил.
|
| 320 |
|
|
|a Библиогр. в конце гл.
|
| 606 |
1 |
|
|a Нефтяные скважины
|x Режим работы
|x Оптимизация
|2 stltpush
|3 (RuTPU)RU\TPU\subj\46126
|9 65311
|
| 610 |
1 |
|
|a интенсификация
|
| 610 |
1 |
|
|a алгоритмы
|
| 610 |
1 |
|
|a обводнение
|
| 610 |
1 |
|
|a линейное программирование
|
| 610 |
1 |
|
|a отраслевые задачи
|
| 610 |
1 |
|
|a квазискважины
|
| 610 |
1 |
|
|a перспективы
|
| 675 |
|
|
|a 622.276.3
|v 4
|
| 700 |
|
1 |
|a Салимжанов
|b Э. С.
|
| 701 |
|
1 |
|a Атюрьевская
|b А. С.
|
| 701 |
|
1 |
|a Пелевин
|b Л. А.
|
| 801 |
|
1 |
|a RU
|b 63413507
|c 20200828
|
| 801 |
|
2 |
|a RU
|b 63413507
|c 20210407
|g RCR
|
| 942 |
|
|
|c BK
|